| 000 | 00836cab a2200253 4500 | ||
|---|---|---|---|
| 001 | WB3501-22 | ||
| 008 | 090401t1999 xxu||||| |||| 00| 0 eng d | ||
| 035 | _a(Sirsi) u90524 | ||
| 041 | _aeng | ||
| 245 | _aAccess to army land | ||
| 260 | _c1999 | ||
| 350 | _a0 | ||
| 490 |
_aWestern Mail _v5 January 1999, 7(2) |
||
| 520 | _aOfficials from the Ministry of Defence are meeting environmental campaigners this month to discuss the strategy for use of its rural estate. Campaigners are hoping that the talks may result in increased access to MoD land within national parks. | ||
| 650 | _aACCESS TO LAND | ||
| 650 | _aMILITARY LAND | ||
| 650 | _aMINISTRY OF DEFENCE | ||
| 650 | _aMOD | ||
| 650 | _aNATIONAL PARKS | ||
| 650 | _aWALES | ||
| 690 | _aHIGHWAYS RIGHTS OF WAY AND EASEMENTS | ||
| 942 | _n0 | ||
| 948 | _c05/01/1999 | ||
| 999 |
_c57403 _d57403 |
||